Enciclopedia de ciencias naturales, medio ambiente y ecología : tomo 1 /

Guardado en:
Formato: Libro
Publicado: Barcelona : Oriente, 1995
Materias:
Etiquetas: Agregar Etiqueta
Sin Etiquetas, Sea el primero en etiquetar este registro!
LEADER 00609nam a22001935a 4500
001 CEM.cems009090
005 20090904123330.0
008 130507s1995##################000#0#####d
003 CEMS
020 |a 9508100486 
082 0 4 |a 574 
245 0 0 |a Enciclopedia de ciencias naturales, medio ambiente y ecología :  |b tomo 1 / 
260 |a Barcelona :  |b Oriente,  |c 1995 
300 |a 115 p. 
505 0 |a Astronomía -- Geología -- Oceonografía biológica -- Zoología 
653 |a Ciencias naturales 
653 |a Medio ambiente 
653 |a Ecología 
859 |a CEMS  |b BIB. CEMS - 11 de abril  |h 574  |i Or5  |p 18705.95  |t Ej.1  |v 1  |3 1